Igarji Mathechi Vividh Magnim: ಇಗರ್ಜಿ ಮಾತೆಚಿ ವಿವಿಧ್ ಮಾಗ್ಣಿಂ (Record no. 227725)
[ view plain ]
| 000 -LEADER | |
|---|---|
| fixed length control field | 01463nam a22002777a 4500 |
| 005 - DATE AND TIME OF LATEST TRANSACTION | |
| control field | 20230703095510.0 |
| 008 - FIXED-LENGTH DATA ELEMENTS--GENERAL INFORMATION | |
| fixed length control field | 230701b ||||| |||| 00| 0 eng d |
| 040 ## - CATALOGING SOURCE | |
| Transcribing agency | AL |
| 041 ## - LANGUAGE CODE | |
| Language code of text/sound track or separate title | Konkani |
| 082 ## - DEWEY DECIMAL CLASSIFICATION NUMBER | |
| Edition number | 23 |
| Classification number | 891.464 |
| Item number | MANI |
| 100 ## - MAIN ENTRY--PERSONAL NAME | |
| Dates associated with a name | Mangaluru Diocese: ಮಂಗಳೂರು ಡಯಾಸಿಸ್ |
| 9 (RLIN) | 125232 |
| 245 ## - TITLE STATEMENT | |
| Title | Igarji Mathechi Vividh Magnim: ಇಗರ್ಜಿ ಮಾತೆಚಿ ವಿವಿಧ್ ಮಾಗ್ಣಿಂ |
| 260 ## - PUBLICATION, DISTRIBUTION, ETC. | |
| Place of publication, distribution, etc. | Manglaore |
| Name of publisher, distributor, etc. | Mangalore Diocese |
| Date of publication, distribution, etc. | 1948 |
| 300 ## - PHYSICAL DESCRIPTION | |
| Extent | 200p. |
| Other physical details | PB |
| Dimensions | 16x10cm. |
| 650 ## - SUBJECT ADDED ENTRY--TOPICAL TERM | |
| Topical term or geographic name entry element | Dukhi Saibeen: ದುಕಿ ಸಾಯ್ಬಿಣ್ |
| 9 (RLIN) | 125233 |
| 650 ## - SUBJECT ADDED ENTRY--TOPICAL TERM | |
| Topical term or geographic name entry element | KONKANI CATHOLIC PRAYERS |
| 9 (RLIN) | 125257 |
| 650 ## - SUBJECT ADDED ENTRY--TOPICAL TERM | |
| Topical term or geographic name entry element | Somiyachen Magnem: ಸೊಮಿಯಾಚೆಂ ಮಾಗ್ಣಿಂ |
| 9 (RLIN) | 125234 |
| 650 ## - SUBJECT ADDED ENTRY--TOPICAL TERM | |
| Topical term or geographic name entry element | Amkam Mel Fankth Jayi: ಆಮ್ಕಾಂ ಮೇಲ್ ಫ್ಯಾಂಕ್ತ್ ಜಾಯಿ |
| 9 (RLIN) | 125235 |
| 650 ## - SUBJECT ADDED ENTRY--TOPICAL TERM | |
| Topical term or geographic name entry element | Karejmantlim Misam: ಕರೆಜ್ಮಾಂತ್ಲಿ ಮಿಸಾಂ |
| 9 (RLIN) | 125236 |
| 650 ## - SUBJECT ADDED ENTRY--TOPICAL TERM | |
| Topical term or geographic name entry element | Papa Nivarane: ಪಾಪ ನಿವಾರಣೆ |
| 9 (RLIN) | 125237 |
| 650 ## - SUBJECT ADDED ENTRY--TOPICAL TERM | |
| Topical term or geographic name entry element | Omme Nanobba Lingayita: ಒಮ್ಮೆ ನಾನೊಬ್ಬ ಲಿಂಗಾಯಿತ |
| 9 (RLIN) | 125238 |
| 650 ## - SUBJECT ADDED ENTRY--TOPICAL TERM | |
| Topical term or geographic name entry element | Archashishta Agnisammalu: ಅರ್ಚಶಿಷ್ಟ ಅಗ್ನಿಸಮ್ಮಳು |
| 9 (RLIN) | 125239 |
| 650 ## - SUBJECT ADDED ENTRY--TOPICAL TERM | |
| Topical term or geographic name entry element | Jeevitachen Panchang: ಜಿವಿತಾಚೆಂ ಪಂಚಾಂಗ್ |
| 9 (RLIN) | 125240 |
| 700 ## - ADDED ENTRY--PERSONAL NAME | |
| Personal name | MANGALORE DIOCESE: ಮಂಗಳೂರು ಡಯಾಸಿಸ್ |
| 9 (RLIN) | 125241 |
| 942 ## - ADDED ENTRY ELEMENTS (KOHA) | |
| Source of classification or shelving scheme | Dewey Decimal Classification |
| Koha item type | Donated Books |
| Withdrawn status | Lost status | Source of classification or shelving scheme | Damaged status | Not for loan | Collection code | Home library | Current library | Date acquired | Total Checkouts | Full call number | Barcode | Date last seen | Price effective from | Koha item type |
|---|---|---|---|---|---|---|---|---|---|---|---|---|---|---|
| Dewey Decimal Classification | Rare Book | Konkani | St Aloysius Library | St Aloysius Library | 06/23/2023 | 891.464 MANI | D06049 | 07/01/2023 | 07/01/2023 | Donated Books |